Beren and Lúthien descendants - Sudden Death - Statistics

General Stats
  • This quiz has been taken 14 times
  • The average score is 3 of 11
Answers on the Grid
Answers color-coded by a green-red scale on the quiz's grid according to % correct below.
Anárion
Aragorn
Arvedui
Bard
Beregond
Boromir
Denethor
Dior
Eärendil
Eldarion
Elendil
Elros
Elwing
Éomer
Éowyn
Faramir
Fíriel
Gamling
Gríma Wormtongue
Hama
Húrin
Idril
Imrahil
Isildur
Meneldil
Morwen
Niënor
Théoden
Tuor
Túrin
 
Answer Stats
Answer % Correct
Elwing
63%
Aragorn
50%
Isildur
50%
Elendil
38%
Elros
38%
Anárion
25%
Dior
25%
Arvedui
0%
Eldarion
0%
Fíriel
0%
Meneldil
0%
No matching quizzes found
Score Distribution
Percent of People with Each Score
Percentile by Number Answered
Your Score History
You have not taken this quiz